Федеграфика (Запис номер 325046)
[ съкратено ]
| 000 -Лидер | |
|---|---|
| Контролно поле с фиксирана дължина | 01215aam a2200361 a 4500 |
| 003 - Код на организацията, давaща контролен номер | |
| Контролно поле | BLK |
| 005 - Дата и час на последна редакция | |
| Контролно поле | 20240108122637.0 |
| 008 - Елементи от данни с фиксирана дължина | |
| fixed length control field | 181010b bu ||||| |||| 00| 0dbu d |
| 020 ## - Международен стандартен номер на книга ISBN | |
| Международен стандартен номер на книга ISBN | 978-619-195-112-3 |
| 040 ## - Източник на каталожния запис | |
| Идентификатор на билиотеката - собственик на записа | BLK |
| 041 ## - Код за език | |
| Код за езика на текст/звукозапис или на отделно заглавие | Български |
| Код за езика КДБФ | Български |
| 080 ## - УДК | |
| Текстов определител УДК | Швейцарски тенисист |
| УДК код - определител по УДК | 929 Федерер, Роджър |
| 080 ## - УДК | |
| Текстов определител УДК | Тенис. Тенис на маса вж 796.386 |
| УДК код - определител по УДК | 796.342 |
| 100 ## - Редна дума - Автор | |
| Автор | Ходжкинсън, Марк |
| Авторска отговорност | първи автор |
| R(LIN) | 1299 |
| 139 ## - Редно поле | |
| Редна дума | Ходжкинсън, Марк |
| Авторски знак | |
| 245 ## - Сведения за заглавието | |
| Заглавие | Федеграфика |
| Подзаглавни данни | Илюстрована биография на гения Роджър Федерер |
| 260 ## - Област на издателските данни | |
| Име на издателя, разпространителя и проч. | Книгомания |
| Година на издаване | 2018 |
| Място на издаване, разпространение и проч. | София |
| 300 ## - Физическа характеристика | |
| Страници | 273 с. |
| Илюстрации и др. | с цв. ил. |
| Размери/Мащаб | 22 см |
| 380 ## - Жанр | |
| Жанр | 793/799 Спорт |
| 500 ## - Общи забележки | |
| Забележка | Показалец стр. 266 - 271 с. |
| 650 #7 - Допълнително описание по предмет – тема | |
| 9 (RLIN) | 173449 |
| Основно описание – тема или топоним | Тенис |
| 650 #7 - Допълнително описание по предмет – тема | |
| 9 (RLIN) | 171756 |
| Основно описание – тема или топоним | Спортисти |
| 700 ## - Други автори (авторска отговорност) | |
| Лично име | Велчев, Камен Петков |
| Дати, свързани с автора | 1974 - |
| 9 (RLIN) | 333727 |
| 852 ## - Местоположение | |
| Форматна сигнатура | П 796.3/Х 58 |
| Фондова буква | Заемна - подръчен фонд |
| 999 ## - СИСТЕМНИ КОНТРОЛНИ НОМЕРА | |
| Koha biblionumber | 325046 |
| Koha biblioitemnumber | 325046 |
| 942 ## - АРТИКУЛИ | |
| Вид на библиотечния материал | Книги |
| Източник на класификационната схема | Universal Decimal Classification |
| Скрит в OPAC | Не |
| Koha issues (borrowed), all copies | 12 |
| 999 ## - СИСТЕМНИ КОНТРОЛНИ НОМЕРА | |
| Koha biblioitemnumber | 325046 |
| 999 ## - СИСТЕМНИ КОНТРОЛНИ НОМЕРА | |
| Koha biblioitemnumber | 325046 |
| 999 ## - СИСТЕМНИ КОНТРОЛНИ НОМЕРА | |
| Koha biblioitemnumber | 325046 |
| 999 ## - СИСТЕМНИ КОНТРОЛНИ НОМЕРА | |
| Koha biblioitemnumber | 325046 |
| 999 ## - СИСТЕМНИ КОНТРОЛНИ НОМЕРА | |
| Koha biblioitemnumber | 325046 |
| 999 ## - СИСТЕМНИ КОНТРОЛНИ НОМЕРА | |
| Koha biblioitemnumber | 325046 |
| 944 ## - СЪЗДАВАНЕ И РЕДАКЦИЯ на ЗАПИСА | |
| Служител, извършил регистрацията/редакцията | 30530 |
| Статус, дата на статуса | Минев Младен |
| Код за отписване | Код за изгубен артикул | Източник на класификационната схема | Код за повреда | Код за отдаване | Артикулен № | Име на библиотеката - собственик | Име на библиотеката, в която се намира в момента | Статус (Текущо местоположение) | Дата на вписване в системата | Местоположение - отдел | Цена в лева | Инвентарен номер | Систематично азбучна сигнатура | Баркод | Цена в евро | Служебен тип на артикула | Коз за рестрикции |
|---|---|---|---|---|---|---|---|---|---|---|---|---|---|---|---|---|---|
| Не е изгубен | Universal Decimal Classification | Не е повреден | заемане за дома | 680896 | Регионална библиотека "Любен Каравелов" Русе | Регионална библиотека "Любен Каравелов" Русе | Заемна - подръчен фонд | 2018-09-27 | Заемна - подръчен фонд | 21.00 | 120000824120 | П 796.3/Х 58 | 120000824120 | 10.74 | Книги | ||
| Не е изгубен | Universal Decimal Classification | Не е повреден | ползва се в читалня | 682112 | Регионална библиотека "Любен Каравелов" Русе | Регионална библиотека "Любен Каравелов" Русе | Хранилище | 2018-11-16 | Хранилище | 28.00 | 120000825521 | Цб 291664 | 120000825521 | 14.32 | Книги | без рестрикции |